claude françois Belles Belles Belles paroles - Statistiques

Statistiques générales
  • Ce quiz a été pris 85 fois
    63 depuis la dernière actualisation
  • Le résultat moyen est 193 sur 237
Statistiques - réponses
Réponse % Correct
belle
100%
comme
100%
jour
100%
le
100%
belles
97%
elle
97%
la
97%
sont
97%
toutes
97%
à
95%
a
95%
l'amour
95%
me
95%
tu
95%
un
95%
de
92%
il
92%
mon
92%
elles
89%
filles
89%
père
89%
des
87%
dit
87%
les
87%
savoir
87%
y
87%
sais
84%
soir
84%
ces
82%
c'est
82%
choses
82%
crois
82%
doit
82%
en
82%
et
82%
garçon
82%
je
82%
qu'un
82%
te
82%
ton
82%
age
79%
fiston
79%
pas
79%
c'que
76%
mais
76%
plus
76%
que
76%
ta
74%
d'rentrer
71%
oublieras
71%
sortir
71%
disait
68%
fou
68%
joie
68%
même
68%
rendront
68%
vieux
68%
crois-moi
66%
vas
66%
verras
66%
vois
66%
peut-être
63%
pour
63%
rencontrer
63%
souviendras
63%
comprendras
61%
dans
61%
d'elles
61%
douleur
61%
j'te
61%
lui
61%
maman
61%
moments
61%
t'en
61%
coeur
58%
meilleur
58%
pire
58%
puis
58%
vous
58%
bonheur
55%
est
55%
j'ai
55%
voudras
55%
auras
53%
aux
53%
diras
53%
dire
53%
méfies-toi
53%
sera
53%
t'aime
53%
vrai
53%
parler
50%
unis
50%
yeux
50%
n'pourras
47%
l'embrassant
45%
serez
45%
tiendras
45%
tromper
45%
clin
37%
d'oeil
34%
n'peux
26%
enfin
21%
Aucun quiz correspondant
Distribution des résultats
% des personnes avec chaque résultat
Percentile par nombre de réponses
Votre historique - résultats
Vous n’avez pas pris ce quiz depuis la dernière actualisation